| 000 | 00574nam a22001577a 4500 | ||
|---|---|---|---|
| 003 | ASAB | ||
| 005 | 20180827062835.0 | ||
| 008 | 180510t xxu||||| |||| 00| 0 eng d | ||
| 040 | _cASAB | ||
| 100 |
_aMuhammad Irfan Fareed-Sup-Dr. Muhammad Tahir _93863 |
||
| 245 |
_aTH-MS-Isolation and Characterzation of Begomovirus Infecting Ricinus communis from Cotton Growing Regions of Pakistan _cMuhammad Irfan Fareed-Sup-Dr. Muhammad Tahir |
||
| 260 |
_aIslamabad _bASAB (NCVI) _c2012 |
||
| 300 |
_axx, 72 P _b30 cm |
||
| 630 |
_aVirology and Immunology _93864 |
||
| 942 |
_2ddc _cTH |
||
| 999 |
_c480832 _d480832 |
||